Rokovania a porady sú potrebné

Porady ako základná forma rozhodovania a riadenia. Hlavné nedostatky zlých porád a rokovaní. Prečo a kedy sú potrebné osobné rokovania a porady. Typy rozhovorov.

Gespeichert in:
Bibliographische Detailangaben
1. Verfasser: Bienik, J.
Format: Buchkapitel
Sprache:Slowakisch
Schlagworte:
Tags: Tag hinzufügen
Keine Tags, Fügen Sie das erste Tag hinzu!

MARC

LEADER 00000naa a2200000 4500
001 r001013
005 20221213114702.3
041 0 |a slo 
044 |a SK 
245 1 0 |a Rokovania a porady sú potrebné  |c J. Bienik 
520 |a Porady ako základná forma rozhodovania a riadenia. Hlavné nedostatky zlých porád a rokovaní. Prečo a kedy sú potrebné osobné rokovania a porady. Typy rozhovorov. 
610 2 0 |a porady 
610 2 0 |a manažment 
610 2 0 |a rokovania obchodné 
100 1 |a Bienik, J.